|
|
|
|
| LEADER |
01096nam a2200289 a 4500 |
| 001 |
605893 |
| 008 |
090804s1990 enk b 000 0 eng d |
| 010 |
|
|
|a \\\91167778
|
| 020 |
|
|
|a 0140772634 :
|c £3.99 ($4.95 U.S.)
|
| 040 |
|
|
|a DLC
|c DLC
|
| 082 |
0 |
0 |
|a 822.3/3
|2 20
|
| 100 |
1 |
|
|a Bolt, Sydney.
|
| 245 |
1 |
0 |
|a William Shakespeare, Hamlet /
|c Sydney Bolt.
|
| 250 |
|
|
|a Rev. ed.
|
| 260 |
|
|
|a London, England ;
|a New York, NY, USA :
|b Penguin Books,
|c 1990.
|
| 300 |
|
|
|a 118 p. ;
|c 21 cm.
|
| 490 |
0 |
|
|a Penguin critical studies
|
| 500 |
|
|
|a Spine title: Hamlet.
|
| 500 |
|
|
|a "A Penguin original"--Cover.
|
| 504 |
|
|
|a Includes bibliographical references (p. 117-118).
|
| 541 |
1 |
|
|e 00009283
|
| 600 |
1 |
0 |
|a Shakespeare, William,
|d 1564-1616.
|t Hamlet.
|
| 650 |
|
0 |
|a Hamlet (Legendary character)
|
| 852 |
4 |
|
|a Ayesha Abed Library
|j General shelf
|
| 942 |
0 |
0 |
|0 1
|
| 999 |
|
|
|c 3693
|d 3693
|
| 952 |
|
|
|0 0
|1 0
|2 ddc
|4 0
|6 822_330000000000000_BOL_1990
|7 0
|9 3355
|a BRACUL
|b BRACUL
|c GEN
|d 2009-09-03
|g 0.00
|l 25
|m 113
|o 822.33 BOL
|p 3010009283
|r 2026-04-19
|s 2026-02-18
|t 1
|w 2009-09-03
|y BK
|x No price found in the accession register.
|